[Event "Montreal CC-ch"]
[Site "Montreal CAN"]
[Date "2017.06.10"]
[Round "3.4"]
[White "Rodrigue-Lemieux, Shawn"]
[Black "Gauthier, Denis"]
[Result "1-0"]
[WhiteElo "2305"]
[BlackElo "1958"]
[PlyCount "55"]
[EventDate "2017.06.09"]
[EventType "swiss"]
[EventRounds "5"]
[EventCountry "CAN"]

1. e4 c5 2. b3 Nc6 3. Bb2 d6 4. Nc3 e5 5. g3 Nge7 6. Bg2 g6 7. f4 Bg7 8. Nf3
O-O 9. Ne2 f5 10. d3 Rb8 11. O-O b5 12. Qd2 Qb6 13. Kh1 Kh8 14. Rae1 Be6 15.
exf5 Nxf5 16. fxe5 dxe5 17. Nc3 Rbd8 18. Ne4 Bd5 19. Nh4 Nxh4 20. gxh4 Nd4 21.
h5 c4 22. h6 Bf6 23. Nxf6 Bxg2+ 24. Kxg2 Rxf6 25. Qg5 Qc6+ 26. Re4 Rdf8 27.
Qxe5 cxd3 28. Rxf6 1-0

[Event "Montreal CC-ch"]
[Site "Montreal CAN"]
[Date "2017.06.11"]
[Round "4.2"]
[White "Leveille, Francois"]
[Black "Rodrigue-Lemieux, Shawn"]
[Result "0-1"]
[WhiteElo "2310"]
[BlackElo "2305"]
[PlyCount "100"]
[EventDate "2017.06.09"]
[EventType "swiss"]
[EventRounds "5"]
[EventCountry "CAN"]

1. d4 d5 2. c4 e6 3. Nf3 Nf6 4. g3 Be7 5. Bg2 O-O 6. O-O Ne4 7. Qc2 f5 8. b3
Nd7 9. Ba3 c6 10. e3 Rf6 11. Bxe7 Qxe7 12. Nc3 Rh6 13. Rab1 Qf7 14. Ne2 g5 15.
b4 dxc4 16. Rfd1 b5 17. a4 Rb8 18. h3 Bb7 19. Ne5 Qg7 20. f3 Nef6 21. e4 fxe4
22. Nxd7 exf3 23. Nxb8 fxg2 24. d5 cxd5 25. Nd4 Qc7 26. Qxg2 Ne4 27. Re1 Qxb8
28. axb5 Qc7 29. Rxe4 dxe4 30. Rf1 e3 31. Nc6 e2 32. Qxe2 Qxg3+ 33. Qg2 Qxg2+
34. Kxg2 a6 35. Kg3 axb5 36. Ne5 Rh4 37. Ng4 Kg7 38. Ra1 Bd5 39. Ra5 h5 40. Ne3
Bc6 41. Ra6 Re4 42. Kf2 Be8 43. Kf3 Rf4+ 44. Ke2 Kf7 45. Ra7+ Kf6 46. Ra8 Ke7
47. Rb8 Bd7 48. Nc2 Rh4 49. Na3 c3 50. Nxb5 Rxb4 0-1

[Event "Mercredi 2017.05.10 ABCD"]
[Site "Montreal CAN"]
[Date "2017.05.10"]
[Round "1"]
[White "Ouellet, Maili-Jade"]
[Black "Rodrigue-Lemieux, Shawn"]
[Result "0-1"]
[WhiteElo "2280"]
[BlackElo "2269"]
[PlyCount "144"]
[EventDate "2017.05.10"]
[EventType "tourn"]
[EventRounds "5"]
[EventCountry "CAN"]

1. d4 d5 2. c4 dxc4 3. e4 e5 4. Nf3 exd4 5. Bxc4 Nc6 6. O-O Be6 7. Bb5 Bc5 8.
Nbd2 Nge7 9. Ng5 Qd7 10. Nxe6 Qxe6 11. Nb3 Qd6 12. Bf4 Qxf4 13. Nxc5 O-O 14.
Rc1 a6 15. Ba4 b5 16. Bb3 a5 17. a4 bxa4 18. Bxa4 Nb4 19. g3 Qd6 20. e5 Qxe5
21. Nd7 Qd6 22. Nxf8 Rxf8 23. Qh5 Ned5 24. Rcd1 c5 25. Rfe1 g6 26. Qe5 Rd8 27.
Bb5 Nc7 28. Bc4 Nc6 29. Qe4 Kg7 30. Qf3 Rd7 31. Bf1 Ne6 32. h4 Nb4 33. Qe4 d3
34. Re3 Qd4 35. Qxd4+ Nxd4 36. Bxd3 Nf5 37. Rf3 Nd4 38. Re3 Nf5 39. Rf3 Nc6 40.
Bc2 Ncd4 41. Ra3 Rb7 42. Bxf5 Nxf5 43. Rd2 Nd4 44. Kf1 Rb4 45. Ke1 a4 46. Kd1
Nb5 47. Re3 Nd4 48. f4 h5 49. Rc3 Ne6 50. Rf2 Kf6 51. Re3 Rd4+ 52. Kc2 Kf5 53.
Rf1 Rb4 54. Ra1 Nd4+ 55. Kb1 Nb3 56. Ra3 Nd2+ 57. Kc1 Nc4 58. Re7 Kf6 59. Ra7
Nxa3 60. bxa3 Rb3 61. Rxa4 Rxg3 62. Ra5 Rf3 63. Ra4 Kf5 64. Ra5 Kxf4 65. a4 Kg4
66. Rxc5 Kxh4 67. a5 g5 68. Kb2 Rf6 69. Kb3 g4 70. Rb5 g3 71. Rb6 Rxb6+ 72.
axb6 g2 0-1

[Event "Mercredi 2017.05.10 ABCD"]
[Site "Montreal CAN"]
[Date "2017.05.17"]
[Round "2"]
[White "Tremblay, Alain"]
[Black "Rodrigue-Lemieux, Shawn"]
[Result "1/2-1/2"]
[WhiteElo "2198"]
[BlackElo "2269"]
[PlyCount "47"]
[EventDate "2017.05.10"]
[EventType "tourn"]
[EventRounds "5"]
[EventCountry "CAN"]

1. b3 e6 2. Bb2 d5 3. e3 Nf6 4. Nf3 Nbd7 5. d4 Bd6 6. Bd3 O-O 7. Nbd2 c5 8. O-O
Qc7 9. c4 e5 10. cxd5 exd4 11. exd4 Nxd5 12. Ne4 Nf4 13. Rc1 Qc6 14. dxc5 Bc7
15. b4 Rd8 16. Nd6 Bxd6 17. cxd6 Qd5 18. Bc2 Qh5 19. g3 Nd5 20. Ne5 Qxd1 21.
Rfxd1 Nxb4 22. Bb3 Nxe5 23. Bxe5 Nc6 24. Bf4 1/2-1/2

[Event "Mercredi 2017.05.10 ABCD"]
[Site "Montreal CAN"]
[Date "2017.05.24"]
[Round "3"]
[White "Rodrigue-Lemieux, Shawn"]
[Black "Lopez Linares, Lizandro"]
[Result "1-0"]
[WhiteElo "2269"]
[BlackElo "2214"]
[PlyCount "87"]
[EventDate "2017.05.10"]
[EventType "tourn"]
[EventRounds "5"]
[EventCountry "CAN"]

1. d4 d5 2. Bf4 Nf6 3. e3 c5 4. c3 cxd4 5. exd4 Nc6 6. Bd3 Bg4 7. Qb3 Qb6 8.
Nd2 e6 9. Ngf3 Be7 10. O-O O-O 11. Rae1 Bh5 12. h3 Bg6 13. Bxg6 hxg6 14. Qc2
Qa6 15. g4 Rac8 16. a3 Rfd8 17. Bg5 Re8 18. Bxf6 Bxf6 19. Qb3 g5 20. h4 gxh4
21. g5 Be7 22. g6 Bf6 23. gxf7+ Kxf7 24. Qd1 Rh8 25. c4 Rcd8 26. Ne5+ Bxe5 27.
dxe5 Ne7 28. Nf3 Nf5 29. Ng5+ Ke7 30. cxd5 Rxd5 31. Qg4 Rd4 32. Re4 Rxe4 33.
Nxe4 Qc6 34. Nd6 Nxd6 35. exd6+ Kf7 36. Qf4+ Kg8 37. Rc1 Qe8 38. Rc7 Qg6+ 39.
Kh2 Kh7 40. Rc5 Qe8 41. Qe4+ Kh6 42. Re5 g6 43. Rxe6 Qf7 44. Qe3+ 1-0

[Event "Mercredi 2017.05.10 ABCD"]
[Site "Montreal CAN"]
[Date "2017.06.07"]
[Round "5"]
[White "Rodrigue-Lemieux, Shawn"]
[Black "Leveille, Francois"]
[Result "1/2-1/2"]
[WhiteElo "2269"]
[BlackElo "2305"]
[PlyCount "80"]
[EventDate "2017.05.10"]
[EventType "tourn"]
[EventRounds "5"]
[EventCountry "CAN"]

1. e4 c5 2. b3 Nf6 3. Nc3 Nc6 4. Bb2 e6 5. Nf3 d6 6. Be2 Be7 7. O-O O-O 8. d4
cxd4 9. Nxd4 a6 10. a4 Bd7 11. Kh1 Qc7 12. f4 Rad8 13. Nxc6 Bxc6 14. Bd3 b5 15.
axb5 axb5 16. Qe2 b4 17. Nb5 Bxb5 18. Bxb5 d5 19. e5 Ne4 20. Bd3 Nc3 21. Bxc3
Qxc3 22. g4 Ra8 23. Rae1 g6 24. f5 Bh4 25. Rd1 Rfe8 26. fxg6 fxg6 27. g5 Bxg5
28. Qg4 Qxe5 29. Rde1 Be3 30. Bxg6 hxg6 31. Qxg6+ Qg7 32. Qxg7+ Kxg7 33. Rxe3
Ra7 34. Rf4 Rf7 35. Rg3+ Kf8 36. Rgf3 Rxf4 37. Rxf4+ Ke7 38. Rxb4 Rc8 39. c4 d4
40. Kg2 Kd6 1/2-1/2

[Event "Ligue elite du dimanche 1/2 final"]
[Site "Montreal CAN"]
[Date "2017.05.07"]
[Round "1"]
[White "Ouellet, Maili-Jade"]
[Black "Rodrigue-Lemieux, Shawn"]
[Result "1-0"]
[WhiteElo "2280"]
[BlackElo "2269"]
[Annotator "Lefong Hua"]
[PlyCount "63"]
[EventDate "2017.05.07"]
[EventType "tourn"]
[EventRounds "1"]
[EventCountry "CAN"]

1. d4 d5 2. c4 dxc4 3. e4 e5 4. Nf3 exd4 5. Bxc4 Nc6 6. O-O Be6 7. Bb5 Bc5 8.
Nbd2 Nge7 9. Ng5 Qd7 10. Nxe6 Qxe6 11. Nb3 Qd6 12. Bf4 Qxf4 13. Nxc5 O-O 14.
Rc1 Ne5 15. g3 Qh6 16. f4 Qb6 17. a4 c6 18. fxe5 cxb5 19. Nd7 Qh6 20. Nxf8 Qe3+
21. Kg2 Rxf8 22. Qf3 Qd2+ 23. Kh1 Ng6 24. Qf5 Qe2 25. e6 f6 26. Qd5 Re8 27.
Rce1 Qc2 28. Rc1 Qe2 29. axb5 Qxb2 30. Qd7 Rf8 31. Rc8 h6 32. Rc7 1-0

[Event "CMA Quebec Young Stars #01"]
[Site "Montreal CAN"]
[Date "2017.05.05"]
[Round "1"]
[White "Rodrigue-Lemieux, Shawn"]
[Black "Tanaka, Tyler"]
[Result "1/2-1/2"]
[WhiteElo "2212"]
[BlackElo "1991"]
[PlyCount "94"]
[EventDate "2017.05.05"]
[EventType "tourn"]
[EventRounds "10"]
[EventCountry "CAN"]

1. Nf3 Nf6 2. c4 g6 3. Nc3 Bg7 4. d4 O-O 5. e4 d6 6. Be2 c5 7. dxc5 dxc5 8. Be3
Qa5 9. O-O Nc6 10. Qc2 Bg4 11. Rfd1 Rfd8 12. Nd5 Bxf3 13. Bxf3 Nxd5 14. exd5
Nd4 15. Bxd4 Bxd4 16. b4 Qc7 17. Rab1 Rac8 18. g3 b6 19. Kg2 Kg7 20. h4 h5 21.
b5 Rd6 22. Rb3 e6 23. dxe6 Rxe6 24. Ra3 Qe7 25. Rd2 Rc7 26. Bd5 Rf6 27. Re2 Qd7
28. Qe4 Qf5 29. Qxf5 Rxf5 30. f4 Rf6 31. Re8 Rd6 32. Rf3 f5 33. Rf1 Bf6 34.
Rfe1 Rd8 35. R8e3 Rdd7 36. a4 Re7 37. Kf3 Kf8 38. Re6 Bc3 39. R1e2 Rxe6 40.
Rxe6 Kg7 41. Kg2 Bb4 42. Kf2 Bc3 43. Kf3 Bb4 44. Re3 Kf6 45. Re6+ Kg7 46. Kg2
Bc3 47. Kh3 Bb4 1/2-1/2

[Event "CMA Quebec Young Stars #01"]
[Site "Montreal CAN"]
[Date "2017.05.06"]
[Round "2"]
[White "Zheng, Richard"]
[Black "Rodrigue-Lemieux, Shawn"]
[Result "0-1"]
[WhiteElo "1664"]
[BlackElo "2212"]
[PlyCount "120"]
[EventDate "2017.05.05"]
[EventType "tourn"]
[EventRounds "10"]
[EventCountry "CAN"]

1. d4 d6 2. e4 Nf6 3. Bd3 e5 4. dxe5 dxe5 5. Nf3 c6 6. O-O Qc7 7. Nbd2 Bg4 8.
h3 Bh5 9. b3 Be7 10. Bb2 Nfd7 11. Nc4 f6 12. Ne3 Nc5 13. Nf5 Bf8 14. a4 Nbd7
15. Re1 Nxd3 16. Qxd3 Nc5 17. Qe3 Ne6 18. Ba3 Bxa3 19. Rxa3 O-O 20. Raa1 Rfd8
21. g4 Bg6 22. N3h4 Nf4 23. Ng2 Ne6 24. Ngh4 Rd7 25. Rad1 b6 26. Rxd7 Qxd7 27.
Qd3 Qxd3 28. cxd3 Kf8 29. Rc1 Be8 30. Nd6 Nd4 31. Kf1 Nxb3 32. Rc3 Nc5 33. Nxe8
Rxe8 34. Nf5 Rd8 35. Ke2 g6 36. Ne3 Rd4 37. a5 Rb4 38. axb6 axb6 39. Nc4 Ne6
40. Ke3 Nf4 41. Nd2 c5 42. Rb3 Rxb3 43. Nxb3 Nxh3 44. Nd2 Nf4 45. Nc4 b5 46.
Nd6 b4 47. Nb7 b3 48. Kd2 b2 49. Kc2 Nxd3 50. f3 h5 51. gxh5 gxh5 52. Nd6 h4
53. Nf5 h3 54. Ng3 h2 55. Nh1 c4 56. Kb1 c3 57. Kc2 Ne1+ 58. Kb1 Nxf3 59. Kc2
Nd2 60. Nf2 b1=Q+ 0-1

[Event "CMA Quebec Young Stars #01"]
[Site "Montreal CAN"]
[Date "2017.05.06"]
[Round "3"]
[White "Rodrigue-Lemieux, Shawn"]
[Black "Huang, Qiuyu"]
[Result "1/2-1/2"]
[WhiteElo "2212"]
[BlackElo "2195"]
[PlyCount "88"]
[EventDate "2017.05.05"]
[EventType "tourn"]
[EventRounds "10"]
[EventCountry "CAN"]

1. e4 c5 2. Nf3 Nc6 3. Bb5 g6 4. O-O Bg7 5. Bxc6 bxc6 6. Re1 Nh6 7. c3 O-O 8.
h3 f5 9. e5 Nf7 10. d4 cxd4 11. cxd4 c5 12. dxc5 Bb7 13. Nc3 e6 14. Nb5 Bxf3
15. Qxf3 Qa5 16. Qe2 Rab8 17. Nd4 Bxe5 18. Be3 f4 19. Nb3 Qa4 20. Bd2 Bxb2 21.
Bxf4 Bxa1 22. Bxb8 Rxb8 23. Nxa1 Qb5 24. Nb3 a5 25. Qxb5 Rxb5 26. Re4 Rb4 27.
Rxb4 axb4 28. Kf1 Kf8 29. Ke2 Ke7 30. Kd3 Ne5+ 31. Kd4 Nc6+ 32. Kc4 d5+ 33.
cxd6+ Kxd6 34. f4 Ne7 35. Nc5 Nd5 36. Nd3 Ne3+ 37. Kxb4 Nxg2 38. a4 Ne3 39. a5
Nd5+ 40. Kc4 h6 41. h4 Ne3+ 42. Kb5 Nd5 43. Kc4 Ne3+ 44. Kb5 Nd5 1/2-1/2

[Event "CMA Quebec Young Stars #01"]
[Site "Montreal CAN"]
[Date "2017.05.06"]
[Round "4"]
[White "Fan, Run Kun"]
[Black "Rodrigue-Lemieux, Shawn"]
[Result "0-1"]
[WhiteElo "1981"]
[BlackElo "2212"]
[PlyCount "62"]
[EventDate "2017.05.05"]
[EventType "tourn"]
[EventRounds "10"]
[EventCountry "CAN"]

1. c4 e5 2. Nc3 Ne7 3. g3 g6 4. Bg2 Bg7 5. d3 O-O 6. e4 c6 7. Nge2 d6 8. Bg5 f5
9. Qd2 Be6 10. Bh6 Nd7 11. Bxg7 Kxg7 12. b3 Rb8 13. O-O b5 14. cxb5 cxb5 15. d4
b4 16. Nd5 fxe4 17. Nxb4 Bg4 18. Nc2 Bf3 19. dxe5 Nxe5 20. Ncd4 Qd7 21. Nf4 Rf6
22. Bxf3 exf3 23. Qe3 Nd5 24. Nxd5 Qh3 25. Ne6+ Qxe6 26. Qxa7+ Rf7 27. Nf4 Qc8
28. Qd4 Rxf4 29. Qxd6 Qh3 30. Qxe5+ Rf6 31. Qc7+ Kh6 0-1

[Event "CMA Quebec Young Stars #01"]
[Site "Montreal CAN"]
[Date "2017.05.07"]
[Round "5"]
[White "Ouellet, Maili-Jade"]
[Black "Rodrigue-Lemieux, Shawn"]
[Result "0-1"]
[WhiteElo "2096"]
[BlackElo "2212"]
[PlyCount "96"]
[EventDate "2017.05.05"]
[EventType "tourn"]
[EventRounds "10"]
[EventCountry "CAN"]

1. d4 d5 2. c4 dxc4 3. e4 e5 4. Nf3 exd4 5. Bxc4 Nc6 6. O-O Be6 7. Bxe6 fxe6 8.
Qb3 Qd7 9. Bf4 Bd6 10. e5 Bc5 11. Ng5 Nd8 12. Nd2 Ne7 13. Rfd1 Nd5 14. Bg3 Be7
15. Nde4 h6 16. Nf3 c5 17. Rac1 b6 18. Nh4 O-O 19. Ng6 Rf5 20. Nxe7+ Qxe7 21.
Nd6 Rf8 22. Qd3 Nf7 23. Ne4 Ng5 24. Nd6 Nf4 25. Qd2 Nh5 26. f4 Nf7 27. Ne4 Qb7
28. Qe2 Nh8 29. Nd6 Nxg3 30. hxg3 Qd5 31. b3 Ng6 32. Rf1 a5 33. Rc4 Ne7 34. g4
Qc6 35. f5 Nd5 36. Qe4 Qd7 37. Rcc1 Rad8 38. Rf3 Nc3 39. Qc2 exf5 40. gxf5 Qe7
41. Nc4 b5 42. Nxa5 Qc7 43. b4 cxb4 44. Qb3+ Kh8 45. Qxb4 Ne2+ 46. Kf2 Nxc1 47.
f6 Qxe5 48. Qd2 Rc8 0-1

[Event "CMA Quebec Young Stars #01"]
[Site "Montreal CAN"]
[Date "2017.05.08"]
[Round "7"]
[White "Huang, Qiuyu"]
[Black "Rodrigue-Lemieux, Shawn"]
[Result "1/2-1/2"]
[WhiteElo "2195"]
[BlackElo "2212"]
[PlyCount "61"]
[EventDate "2017.05.05"]
[EventType "tourn"]
[EventRounds "10"]
[EventCountry "CAN"]

1. e4 c6 2. d4 d5 3. exd5 cxd5 4. Bd3 Nc6 5. c3 Qc7 6. h3 Bd7 7. Nf3 f6 8. O-O
e5 9. dxe5 fxe5 10. Re1 Bd6 11. Na3 a6 12. c4 d4 13. c5 Bxc5 14. Nc4 O-O-O 15.
Ncxe5 Rf8 16. Bg5 Be7 17. Rc1 Bxg5 18. Nxg5 Nf6 19. Nxc6 Bxc6 20. Ne6 Qd6 21.
Nxf8 Rxf8 22. Qb3 Nd5 23. Be4 Rd8 24. Qc4 Nb6 25. Qb3 Nd5 26. Qd3 Nb4 27. Qc4
Kb8 28. a3 d3 29. Red1 d2 30. Rb1 Qf4 31. axb4 1/2-1/2

[Event "CMA Quebec Young Stars #01"]
[Site "Montreal CAN"]
[Date "2017.05.11"]
[Round "8"]
[White "Rodrigue-Lemieux, Shawn"]
[Black "Ouellet, Maili-Jade"]
[Result "1-0"]
[WhiteElo "2212"]
[BlackElo "2096"]
[PlyCount "115"]
[EventDate "2017.05.05"]
[EventType "tourn"]
[EventRounds "10"]
[EventCountry "CAN"]

1. d4 d5 2. c4 e6 3. Nc3 Be7 4. Nf3 Nf6 5. Bg5 O-O 6. e3 Nbd7 7. cxd5 exd5 8.
Bd3 c6 9. O-O Re8 10. Rb1 Nf8 11. b4 Ne4 12. Bxe7 Qxe7 13. Bxe4 dxe4 14. Nd2
Bf5 15. Ne2 Bg4 16. Re1 Ng6 17. Qc2 Bxe2 18. Rxe2 Nh4 19. Nf1 Rad8 20. Qc5 Rd6
21. Qxa7 Qd7 22. Ng3 Nf3+ 23. Kf1 Nxh2+ 24. Ke1 f5 25. Qa3 f4 26. exf4 Rxd4 27.
Qb3+ Kh8 28. Nf1 Ng4 29. Rd1 Rd3 30. Rxd3 exd3 31. Qxd3 Rxe2+ 32. Kxe2 Qe6+ 33.
Ne3 h5 34. Qd8+ Kh7 35. Qd3+ Kh8 36. Qc4 Qe7 37. Qc5 Qe8 38. a4 Nf6 39. Qe5 Qf7
40. Kf3 Qd7 41. g3 Kg8 42. Qf5 Qe7 43. b5 Kf7 44. Nc4 cxb5 45. axb5 Qc7 46.
Ne5+ Kg8 47. Qe6+ Kh7 48. Qf5+ Kg8 49. Qe6+ Kh7 50. Qc4 Qe7 51. Qc2+ Kg8 52.
Qc8+ Kh7 53. Qf5+ Kg8 54. Qc8+ Kh7 55. Kg2 Kh6 56. Qf5 Qe8 57. b6 h4 58. g4 1-0

[Event "CMA Quebec Young Stars #01"]
[Site "Montreal CAN"]
[Date "2017.05.09"]
[Round "9"]
[White "Rodrigue-Lemieux, Shawn"]
[Black "Zheng, Richard"]
[Result "1-0"]
[WhiteElo "2212"]
[BlackElo "1664"]
[PlyCount "69"]
[EventDate "2017.05.05"]
[EventType "tourn"]
[EventRounds "10"]
[EventCountry "CAN"]

1. e4 e5 2. Nf3 Nc6 3. Bc4 Nf6 4. d3 d6 5. c3 Be7 6. Bb3 O-O 7. O-O h6 8. Re1
Re8 9. Nbd2 Bf8 10. Nf1 Rb8 11. Ng3 b5 12. h3 Be6 13. d4 exd4 14. cxd4 d5 15.
e5 Nd7 16. Bc2 Nb4 17. Bb1 c5 18. a3 Nc6 19. dxc5 Bxc5 20. Qc2 Qb6 21. b4 Bd4
22. Nxd4 Nxd4 23. Qh7+ Kf8 24. Be3 Nxe5 25. Qh8+ Ke7 26. Qxg7 Nef3+ 27. gxf3
Nxf3+ 28. Kh1 d4 29. Nf5+ Kd7 30. Be4 Bxf5 31. Bxf3 dxe3 32. Qxf7+ Re7 33.
Red1+ Kc8 34. Qxf5+ Kc7 35. Rac1+ 1-0

[Event "CMA Quebec Young Stars #01"]
[Site "Montreal CAN"]
[Date "2017.05.13"]
[Round "9"]
[White "Tanaka, Tyler"]
[Black "Rodrigue-Lemieux, Shawn"]
[Result "0-1"]
[WhiteElo "1991"]
[BlackElo "2212"]
[PlyCount "196"]
[EventDate "2017.05.05"]
[EventType "tourn"]
[EventRounds "10"]
[EventCountry "CAN"]

1. e4 c6 2. d4 d5 3. Nc3 dxe4 4. Nxe4 Nf6 5. Nxf6+ gxf6 6. c3 Qc7 7. Nf3 Bf5 8.
g3 Nd7 9. Bg2 O-O-O 10. O-O e5 11. Nh4 Be6 12. Qc2 Nb6 13. Be3 Nc4 14. b3 Nxe3
15. fxe3 Kb8 16. Rad1 Bh6 17. Rfe1 Qa5 18. a4 exd4 19. exd4 Rhg8 20. b4 Qh5 21.
b5 c5 22. dxc5 Qxc5+ 23. Kh1 Bg5 24. Qe4 Bc8 25. a5 f5 26. Qf3 Rxd1 27. Rxd1
Qxb5 28. c4 Qxa5 29. Rb1 Ka8 30. Qb3 Qc7 31. Nxf5 Rd8 32. c5 Rd2 33. Bf3 Kb8
34. Nd6 b6 35. Ne4 Be6 36. cxb6 axb6 37. Qb5 Rd5 38. Qe8+ Bd8 39. Nf2 Rc5 40.
Rd1 Rc1 41. Kg2 Rxd1 42. Nxd1 Qd7 43. Qh8 Bh3+ 44. Kg1 Qd3 45. Qe5+ Bc7 46.
Qe8+ Bd8 47. Ne3 Bc8 48. Qe5+ Bc7 49. Qe8 f5 50. Kf2 Qd2+ 51. Kg1 Qe1+ 52. Kg2
Qd2+ 53. Kg1 f4 54. gxf4 Qe1+ 55. Kg2 Bxf4 56. Bg4 Qd2+ 57. Kf1 Qc1+ 58. Nd1
Qc4+ 59. Kg2 Qd5+ 60. Kg1 Qc5+ 61. Kg2 Qc2+ 62. Nf2 Qc7 63. Qf8 Qc6+ 64. Bf3
Qg6+ 65. Bg4 Qc6+ 66. Bf3 Qd6 67. Qxd6+ Bxd6 68. Kg1 b5 69. Be4 h6 70. Nd3 Kc7
71. Nc1 Be6 72. Bc2 Kb6 73. Nb3 b4 74. Kg2 Be5 75. Kg1 Bd5 76. Bd1 Kb5 77. Be2+
Ka4 78. Nc5+ Ka3 79. Nd3 Bd4+ 80. Kf1 b3 81. h3 Be3 82. h4 Be6 83. h5 Bd5 84.
Ke1 Be4 85. Kf1 Ka2 86. Ke1 Kb1 87. Kd1 Bg5 88. Nc5 Bc2+ 89. Ke1 b2 90. Nd3 Ka2
91. Nxb2 Kxb2 92. Kf2 Kc3 93. Kg2 Kd4 94. Bf3 Ke3 95. Bg4 Be4+ 96. Kg1 Kf4 97.
Bd1 Kg3 98. Bb3 Bg2 0-1

[Event "CMA Quebec Young Stars #01"]
[Site "Montreal CAN"]
[Date "2017.05.13"]
[Round "10"]
[White "Rodrigue-Lemieux, Shawn"]
[Black "Fan, Run Kun"]
[Result "1-0"]
[WhiteElo "2212"]
[BlackElo "1981"]
[PlyCount "59"]
[EventDate "2017.05.05"]
[EventType "tourn"]
[EventRounds "10"]
[EventCountry "CAN"]

1. d4 d5 2. Nf3 Nf6 3. Bf4 g6 4. e3 Bg7 5. Nbd2 Nbd7 6. Bd3 O-O 7. c3 b6 8. O-O
Bb7 9. h3 c5 10. Re1 Rc8 11. Qe2 c4 12. Bc2 b5 13. e4 dxe4 14. Nxe4 Re8 15.
Rad1 Qb6 16. Nxf6+ Nxf6 17. Ne5 Bd5 18. h4 Qb7 19. f3 h5 20. Qf2 Nd7 21. Qg3
Nxe5 22. Bxe5 Qc6 23. Bxg7 Kxg7 24. Re5 Qd6 25. f4 Kf8 26. Qg5 e6 27. Bxg6 Re7
28. Bxh5 Ke8 29. Bg4 Qd7 30. Qg8# 1-0

[Event "Quebec-ch U20"]
[Site "Montreal CAN"]
[Date "2017.04.21"]
[Round "1"]
[White "Rodrigue-Lemieux, Shawn"]
[Black "Guipi Bopala, Prince Eric jr"]
[Result "1-0"]
[WhiteElo "2284"]
[BlackElo "1832"]
[PlyCount "107"]
[EventDate "2017.04.21"]
[EventType "swiss"]
[EventRounds "5"]
[EventCountry "CAN"]

1. d4 d5 2. c4 e6 3. Nf3 Nf6 4. g3 Be7 5. Bg2 c6 6. O-O O-O 7. Qc2 Ne4 8. b3
Nd7 9. Bb2 f5 10. Nfd2 Bd6 11. e3 Ndf6 12. f3 Nxd2 13. Nxd2 Bc7 14. Rac1 Bd7
15. e4 f4 16. g4 Be8 17. e5 Bg6 18. Qc3 Nd7 19. Kh1 Qh4 20. cxd5 exd5 21. Ba3
Rfe8 22. Nb1 Nf8 23. Qd2 Ne6 24. Nc3 h5 25. Rg1 Kf7 26. Bf1 Rh8 27. Bd3 Bxd3
28. Qxd3 g6 29. Qd2 Bb6 30. Bc5 Qh3 31. Rcf1 hxg4 32. fxg4 Bxc5 33. dxc5 Kg7
34. Rf2 Rh7 35. Ne4 Rah8 36. Nd6 Kg8 37. Qc2 Kf8 38. Qd2 Kg8 39. Ne8 Kf7 40.
Nd6+ Kg8 41. Rgg2 Rh4 42. Rxf4 Nxf4 43. Qxf4 R8h7 44. Ne8 Rf7 45. Nf6+ Kh8 46.
e6 Rhh7 47. Qb8+ Kg7 48. exf7 Rh8 49. Qg8+ Rxg8 50. fxg8=Q+ Kxf6 51. Qe8 Qd3
52. Rf2+ Kg7 53. Qf8+ Kh7 54. Rf7# 1-0

[Event "Quebec-ch U20"]
[Site "Montreal CAN"]
[Date "2017.04.22"]
[Round "2"]
[White "Yan, Alex Jikai"]
[Black "Rodrigue-Lemieux, Shawn"]
[Result "0-1"]
[WhiteElo "1136"]
[BlackElo "2284"]
[PlyCount "146"]
[EventDate "2017.04.21"]
[EventType "swiss"]
[EventRounds "5"]
[EventCountry "CAN"]

1. d4 d5 2. c4 e6 3. Nc3 c6 4. a3 f5 5. Bf4 Nf6 6. Nf3 Bd6 7. Bg5 Nbd7 8. c5
Bc7 9. e3 O-O 10. Qb3 Qe8 11. Be2 Kh8 12. O-O Ne4 13. Bf4 e5 14. dxe5 Nxe5 15.
Nxe4 Nxf3+ 16. Bxf3 fxe4 17. Be2 Bxf4 18. exf4 Rxf4 19. Qg3 Rf6 20. Rae1 Bf5
21. Bd1 Qe7 22. Qc3 Rh6 23. h3 Qg5 24. Qg3 Qf6 25. b4 Rg6 26. Qh2 Rf8 27. Re3
d4 28. Rg3 Qe5 29. Rxg6 Qxh2+ 30. Kxh2 Bxg6 31. Kg3 h6 32. Re1 a5 33. Bc2 d3
34. Bb3 axb4 35. axb4 Ra8 36. Kf4 Ra3 37. Bd1 Ra1 38. Ke3 Rb1 39. f3 exf3 40.
gxf3 Rxb4 41. Rg1 Bf5 42. Rg3 Rc4 43. Bb3 Rc3 44. Bf7 Rxc5 45. f4 Rc2 46. Bh5
c5 47. Bf3 b5 48. h4 b4 49. Rg2 Rxg2 50. Bxg2 b3 51. Bd5 b2 52. Ba2 b1=Q 53.
Bxb1 d2 54. Kxd2 Bxb1 55. Kc3 Ba2 56. Kd3 c4+ 57. Kc3 Kg8 58. Kb2 Bb3 59. Kc3
Kf7 60. Kb2 Kf6 61. Kc3 Kf5 62. Kb2 Kxf4 63. Kc3 g5 64. hxg5 hxg5 65. Kb2 g4
66. Kc3 g3 67. Kb2 g2 68. Kc3 g1=Q 69. Kb2 Qe1 70. Ka3 Qe7+ 71. Kb2 Qb4 72. Kb1
Qd2 73. Ka1 Qa2# 0-1

[Event "Quebec-ch U20"]
[Site "Montreal CAN"]
[Date "2017.04.23"]
[Round "4"]
[White "Ouellet, Maili-Jade"]
[Black "Rodrigue-Lemieux, Shawn"]
[Result "1/2-1/2"]
[WhiteElo "2170"]
[BlackElo "2284"]
[PlyCount "126"]
[EventDate "2017.04.21"]
[EventType "swiss"]
[EventRounds "5"]
[EventCountry "CAN"]

1. d4 d5 2. c4 e5 3. dxe5 d4 4. Nf3 Nc6 5. g3 Nge7 6. Nbd2 Ng6 7. Nb3 Bb4+ 8.
Bd2 Be7 9. Bg2 Ngxe5 10. Nbxd4 Nxc4 11. Bc3 Nxd4 12. Nxd4 O-O 13. Qb3 Nd6 14.
Rd1 Bf6 15. O-O Qe7 16. Bb4 Rd8 17. Rfe1 a5 18. Bc5 Qe5 19. Qc2 Bg4 20. Kh1 Qh5
21. f3 Bh3 22. Bxh3 Qxh3 23. e4 Bxd4 24. Bxd4 Ne8 25. Qb3 Ra6 26. Be3 Rxd1 27.
Rxd1 h5 28. Qb5 Re6 29. Rd8 Kh7 30. Rd5 Nf6 31. Rg5 Kg8 32. Kg1 Rd6 33. Qe2 Qe6
34. Rxa5 b6 35. Ra8+ Kh7 36. Bf4 Rc6 37. Qd3 Nd7 38. Qd1 Ne5 39. Rd8 Ng6 40.
Rd5 Nxf4 41. gxf4 Qh3 42. f5 Qh4 43. Qd2 Qh3 44. Rd3 Qh4 45. Kh1 Qh3 46. Kg1
Qh4 47. a3 Qf6 48. Rd5 h4 49. h3 g6 50. fxg6+ Qxg6+ 51. Rg5 Qh6 52. Qd5 Qf6 53.
Qf5+ Qxf5 54. Rxf5 Kg6 55. Rf4 Rc1+ 56. Kf2 Rc2+ 57. Ke1 Rxb2 58. e5 Rb3 59. a4
Re3+ 60. Kd2 Rxe5 61. Rxh4 Rf5 62. Ke3 Rc5 63. Rf4 Re5+ 1/2-1/2

[Event "Quebec-ch U20"]
[Site "Montreal CAN"]
[Date "2017.04.23"]
[Round "5"]
[White "Yu, Zong Yang"]
[Black "Rodrigue-Lemieux, Shawn"]
[Result "1-0"]
[WhiteElo "2462"]
[BlackElo "2284"]
[PlyCount "49"]
[EventDate "2017.04.21"]
[EventType "swiss"]
[EventRounds "5"]
[EventCountry "CAN"]

1. d4 b6 2. Nf3 Bb7 3. g3 Nf6 4. Bg2 e6 5. O-O Be7 6. c4 d5 7. Nc3 O-O 8. Ne5
Nbd7 9. Qa4 Nxe5 10. dxe5 Ne4 11. Nxe4 dxe4 12. Rd1 Qe8 13. Qc2 Qc6 14. Rd4 Qc5
15. Rd7 Rfd8 16. Be3 Qxe5 17. Bf4 Qf6 18. Rxc7 Ba6 19. Qxe4 Rac8 20. Rxc8 Rxc8
21. Be5 Qg5 22. b3 Qd2 23. Bf3 Rd8 24. Qc6 Rc8 25. Qa4 1-0

[Event "Choc des Generations"]
[Site "Montreal CAN"]
[Date "2017.04.07"]
[Round "1.2"]
[White "Rodrigue-Lemieux, Shawn"]
[Black "Voskanyan, Vahagn"]
[Result "1-0"]
[WhiteElo "2084"]
[BlackElo "2213"]
[PlyCount "101"]
[EventDate "2017.04.07"]
[EventType "schev"]
[EventRounds "5"]
[EventCountry "CAN"]

1. e4 c6 2. d4 d5 3. exd5 cxd5 4. Bd3 Nc6 5. c3 g6 6. Nf3 Bg7 7. O-O Nh6 8. Re1
O-O 9. Qc2 Bf5 10. Bxh6 Bxd3 11. Qxd3 Bxh6 12. Nbd2 e6 13. Nb3 Rc8 14. Ne5 Nxe5
15. dxe5 Qb6 16. Re2 Rc4 17. Nd4 Rfc8 18. h4 Qd8 19. Qh3 Bg7 20. Rd1 b5 21.
Nxb5 Rxh4 22. Qg3 Rcc4 23. Rd4 Bh6 24. Qxh4 Qxh4 25. Rxh4 Rxh4 26. b3 a6 27.
Nd6 d4 28. g3 dxc3 29. Rc2 Rh5 30. f4 g5 31. Ne4 Bg7 32. Rxc3 h6 33. Kg2 gxf4
34. gxf4 Rf5 35. Kg3 h5 36. Nd6 Rg5+ 37. Kf3 Rg1 38. Rc8+ Kh7 39. Nxf7 h4 40.
Ng5+ Kg6 41. Nxe6 h3 42. Rc2 Kh5 43. Rh2 Kh4 44. Ng5 Rg3+ 45. Ke4 Kg4 46. Rxh3
Rg1 47. Re3 Rf1 48. Ne6 Bh6 49. Re2 Bxf4 50. Nxf4 Rxf4+ 51. Kd5 1-0